00900nam a2200241 i 4500003000900000005001700009007000300026008004100029040003000070041000800100082001800108245010400126264011000230300004400340336002700384337003400411338002800445590002700473910000700500942001300507952012100520999001700641DO-SdBNP20250611111635.0ta250611b1986 dr ac||| |||| 00| 0 spa d aDO-SdBNPbspacBNPHUerda aspa 4axxxbO74h22200aHomenaje de la Confederación Patronal de la República Dominicana al Dr. Germán Emilio Ornes. aSanto Domingo, República Dominicana :bConfederación Patronal de la República Dominicana, c1986. a7 páginas :bilustraciones ;c22 cm.  atextobtxt2rdacontent asin mediación bn2rdamedia avolumenbnc2rdacarrier aInventariado, 2025 /LP aLP 2ddccLF2 00102ddc51708PD-FaBNPHUbBNPHUcCTd2019-04-12eDonaciónl0oxxx O74hp2025-5086r2025-06-11w2025-06-11yLF2 c59228d59228